LEADER 01540nam0 22003371i 450 001 UON00518518 005 20231205105534.235 010 $a09-14-71090-7 100 $a20231016d1982 |0itac50 ba 101 $aeng 102 $aUS 105 $a|||| 1|||| 200 1 $aFor God and Peter the Great$ethe works of Thomas Consett, 1723-1729$fEd. by James Cracraft 210 $aBoulder$cEast European Monographs ; New York$cDistributed by Columbia University Press$d1982 215 $a40 p., LXXVI, 461 col., [4] c. di tav.$cill.$d22 cm. 410 1$1001UON00001099$12001 $aEast European Monographs$v96 500 1$3UON00518519$aPresent state and regulations of the Church of Russia$93904537 606 $aPIETRO $3UONC038824$2FI 620 $aUS$dBoulder (Colorado)$3UONL000135 676 $a947.05$cRussia storia. Regno di Pietro il Grande$v21 702 1$aCONSETT$bThomas$3UONV292402 702 1$aCRACRAFT$bJames$3UONV292071 712 $aColumbia University Press$3UONV245917$4650 712 $aEast european monographs$3UONV287162$4650 801 $aIT$bSOL$c20240220$gRICA 899 $aSIBA - SISTEMA BIBLIOTECARIO DI ATENEO$2UONSI 912 $aUON00518518 950 $aSIBA - SISTEMA BIBLIOTECARIO DI ATENEO$dSI EO DUOMO IX H 0146 $eSI EO 10383 5 0146 966 $aPIETRO IL GRANDE$zPIETRO $3UONC076636 996 $aPresent state and regulations of the Church of Russia$93904537 997 $aUNIOR LEADER 02164nam0 2200433 i 450 001 VAN0110677 005 20230801122519.599 017 70$2N$a9783319504872 100 $a20170914d2017 |0itac50 ba 101 $aeng 102 $aCH 105 $a|||| ||||| 200 1 $aDirected polymers in random environments$eécole d'été de probabilités de Saint-Flour XLVI?2016$fFrancis Comets 210 $a[Cham]$cSpringer$d2017 215 $aXV, 199 p.$cill.$d24 cm 461 1$1001VAN0102250$12001 $aLecture notes in mathematics$1210 $aBerlin [etc.]$cSpringer$v2175 500 1$3VAN0234291$aDirected polymers in random environments$91466418 606 $a60H05$xStochastic integrals [MSC 2020]$3VANC020013$2MF 606 $a60J10$xMarkov chains (discrete-time Markov processes on discrete state spaces) [MSC 2020]$3VANC020036$2MF 606 $a82B44$xDisordered systems (random Ising models, random Schrödinger operators, etc.) in equilibrium statistical mechanics [MSC 2020]$3VANC020487$2MF 606 $a60K37$xProcesses in random environments [MSC 2020]$3VANC020490$2MF 606 $a60F10$xLarge deviations [MSC 2020]$3VANC020796$2MF 610 $aKardar-Parisi-Zhang equation$9KW:K 610 $aLocalization$9KW:K 610 $aPinning transition$9KW:K 610 $aRandom media$9KW:K 610 $aRandom polymer models$9KW:K 620 $aCH$dCham$3VANL001889 700 1$aComets$bFrancis$3VANV085446$0739978 712 12$aÉcole d'été de probabilités de Saint-Flour$d46.$f2016$eSaint-Flour$3VANV085451 712 $aSpringer $3VANV108073$4650 801 $aIT$bSOL$c20240614$gRICA 856 4 $uhttp://dx.doi.org/10.1007/978-3-319-50487-2$zE-book ? Accesso al full-text attraverso riconoscimento IP di Ateneo, proxy e/o Shibboleth 899 $aBIBLIOTECA DEL DIPARTIMENTO DI MATEMATICA E FISICA$1IT-CE0120$2VAN08 912 $fN 912 $aVAN0110677 950 $aBIBLIOTECA DEL DIPARTIMENTO DI MATEMATICA E FISICA$d08CONS e-book $e08LNM2175 20170914 996 $aDirected polymers in random environments$91466418 997 $aUNICAMPANIA